000 01344nam0a2200385 4500
001 RU\NLR\bibl\243586
005 20260406070235.0
010 _a5-7804-0145-4
_95000
021 _aRU
_b2001-45706
_92183
035 _a(NLR Aleph) 000239457
090 _a1395286
_c1395286
100 _a20020305d2001 |||y0rusy50 ca
101 0 _arus
102 _aRU
105 _aa |||||||||
200 1 _aТайна дня рождения
_eСтихия Земли
_fГеоргий Свиридов, Ольга Саракташ
210 _aМ.
_cРОСТкнига
_d2001
215 _a187, [3] с.
_cил.
_d20
225 1 _aСерия "Практическая психология и эзотерика"
606 0 _aАстрология
_91178522
_3RU\NLR\auth\66156241
610 0 _aАстрология
675 _a133.52
_v3
_zrus
686 _a02
_2rugasnti
686 _a86.42
_2rubbk
686 _aЭ391.211
700 1 _aСвиридов
_bГ.
_gГеоргий
_4070
701 1 _4070
_8rus
_7ca
_aСвиридова
_bВ. А.
_gВалентина Александровна
_3RU\NLR\auth\7715569
_9125218
801 0 _aRU
_bRKP
_c20020305
_gPSBO
801 1 _aRU
_bRKP
_c20020305
801 2 _aRU
_bNLR
_c20030829
_grcr
942 _cBOOK
980 _aNB